Statistics for Random 2000's Artists By Song #6

Click here to take the quiz!

General Stats

  • This quiz has been taken 30 times
  • The average score is 7 of 15

Answer Stats

Song TitleArtist% Correct
UmbrellaRihanna
100%
Since U Been GoneKelly Clarkson
80%
Thong SongSisqo
63%
Get Ur Freak OnMissy Elliot
60%
Get The Party StartedP!nk
60%
CrazyGnarls Barkley
57%
Hung UpMadonna
53%
Sugar, We're Going DownFall Out Boy
47%
Jumpin' Jumpin'Destiny's Child
37%
MercyDuffy
37%
Because I Got HighAfroman
33%
Party Up (Up In Here)DMX
27%
Hit 'Em Up Style (Oops!)Blu Cantrell
20%
AlcoholBrad Paisley
10%
Pyramid SongRadiohead
7%

Score Distribution

Percentile by Number Answered

Percent of People with Each Score

Your Score History

You have not taken this quiz